Statistics for The L Word characters

Click here to take the quiz!

General Stats

  • This quiz has been taken 21 times
  • The average score is 15 of 20

Answer Stats

HintAnswer% Correct
artist, partner to tinaBette
100%
tennis playerdana
100%
hairdresser, stud of the showShane
100%
wife to bettetina
100%
writerJenny
95%
bubbly journalistalice
89%
owned the planet in season 1marina
89%
british lesbian, dates Tinahelena
84%
singer, owner of the planet for the majority of showKit
79%
transgender man, dates jennymax
79%
has a competition with shane to sleep with the most peoplepapi
74%
deaf artist, has a fling with Bettejodi
68%
a cook, girlfriend to Danalara
68%
lived next to tina and bette with his ex girlfriendtim
68%
Tina and Bettes childangelica
63%
girlfriend to both shane and jennycarmen
63%
ex-military, alices extasha
58%
the manny to tina and bettes childangus
42%
actress, has a fling with Jennyniki
26%
was a PA to jennyadele
11%

Score Distribution

Percentile by Number Answered

Percent of People with Each Score

Your Score History

You have not taken this quiz